00751nam a22002297a 450000100060000000300090000600500170001500800410003202000180007302000150009104000330010608200180013924501060015726000530026330000450031650400510036165000190041265000260043170000200045770000210047770000230049818735BD-DhUAP20200304122516.0200304r20112003nyua b 001 0 eng d a9781259002908 a125900290X aDLCcDLCdDLCdBD-DhUAPbeng00223a711.4 TIM00aTime-saver standards for urban design /cEdited by Donald Watson, Alan Plattus and Robert G. Shibley. aNew York :bMcGraw-Hill,cc2003 [Reprinted 2011] avarious pages :billustrations ;c29 cm. aIncludes bibliographical references and index. 0aCity planning. 0aArchitectural design.1 aWatson, Donald.1 aPlattus, Alan J.1 aShibley, Robert G.